01166cam a2200313 a 45000010008000000030004000080050017000120080041000290100017000700200015000870400018001020410013001200430012001330500025001450820031001701000019002012450121002202500012003412600056003533000029004095000108004385040053005466500038005996500046006379060045006839420012007289990015007409520097007553878465OSt20230703161117.0890621s1988 sa a b 000 0 eng  a 89154150  a0869730525 aDLCcDLCdDLC1 aenghafr af-sa---00aKQ9000.B34bA12 198800a346.05/2a342.652220bCOE1 aCoertze, R. D.10aBafokeng family law and law of succession /cR.D. Coertze ; [translated from the Afrikaans by Heather Frielinghaus]. a1st ed. aPretoria, Republic of South Africa :bSABRA,c1988. a277 p. :bill. ;c26 cm. aTranslation of the author's doctoral thesis originally presented at the University of Pretoria in 1968. aIncludes bibliographical references (p. 271-276) 0aDomestic relations (Bafokeng law) 0aInheritance and succession (Bafokeng law) a7bcbccorignewd2encipf19gy-gencatlg 2ddccBK c3493d3493 00102ddc4070a002b002d2023-07-03l0o346.05/2 COEp10000450r2023-07-03w2023-07-03yBK